| 000 | 01139nam a2200313 i 4500 | ||
|---|---|---|---|
| 001 | 000033403 | ||
| 003 | DO-SdBNP | ||
| 005 | 20240927073748.0 | ||
| 007 | ta | ||
| 008 | 090918s1988 dr a 001 0 spa d | ||
| 040 |
_aDO-SdBNP _bspa _cBNPHU _erda |
||
| 082 | 4 |
_aRD860.9 _bB171h, 1988 _222 |
|
| 100 | 1 |
_a Balaguer, Joaquín, _d1906-2002 _eautor _976556 |
|
| 245 | 1 | 0 |
_aHistoria de la literatura dominicana. _cJoaquín Balaguer ; ilustraciones, Ignacio del Rio, Miguel y Milán Lora G. |
| 250 | _a7a. edición corregida y aumentada | ||
| 264 |
_aSanto Domingo : _bCorripio, _c1988. |
||
| 300 |
_a370 páginas : _bilustraciones, retratos ; _c24 cm. |
||
| 336 |
_2rdacontent _atexto _btxt |
||
| 337 |
_2rdamedia _asin mediación _bn |
||
| 338 |
_2rdacarrier _avolumen _bnc |
||
| 500 | _aIncluye índices | ||
| 586 | _aPremio Nacional de Obras Didácticas 1956 | ||
| 590 | _aInventariado, 2018/BT | ||
| 650 | 4 |
_aLiteratura dominicana _xHistoria y crítica _9159 |
|
| 700 | 1 |
_aLora G., Miguel, _eilustraciones _982829 |
|
| 700 | 1 |
_aLora G., Milán, _eilustraciones _974127 |
|
| 910 | _aValidado. Control de calidad MFF | ||
| 942 |
_2ddc _cLBS1 |
||
| 999 |
_c32894 _d32894 |
||